Alle Nationalspieler von Spanien seit 2000 - Statistiken

Allgemein
  • Dieses Quiz wurde 63 mal gespielt
  • Das Durchschnittsergebnis liegt bei 86 aus 268
Antwortstatistiken
Spanien % Korrekt
Kiko Casilla
97%
Curro Torres
89%
Fernando Torres
89%
Ferran Torres
89%
Juanfran Torres
89%
Pau Torres
89%
Sergio Ramos
89%
Andres Iniesta
87%
Lamine Yamal
87%
Xavi
87%
Iker Casillas
84%
Inaki Williams
82%
Nico Williams
82%
Rodri
82%
Pedri
79%
David Villa
74%
Carles Puyol
71%
Gavi
71%
Jordi Alba
71%
Raul
71%
Cesar Sanchez
68%
Gerard Pique
68%
Marcos Alonso
68%
Robert Sanchez
68%
Victor Sanchez
68%
Victor Valdes
68%
Xabi Alonso
68%
Alvaro Morata
66%
Cesar Martin
66%
Inigo Martinez
66%
Javi De Pedro
66%
Koke
66%
Pedro
66%
Sergio Busquets
66%
Javi Martinez
63%
Josep Martinez
63%
Thiago
63%
Aleix Garcia
61%
Dani Garcia
61%
David Garcia
61%
Eric Garcia
61%
Fran Garcia
61%
Javi Garcia
61%
Luis Garcia
61%
Manu Garcia
61%
Raul Garcia
61%
Sergio Garcia
61%
Daniel Carvajal
58%
David Silva
58%
Unai Simon
58%
Cesc Fabregas
55%
David De Gea
53%
Jesus Rodriguez
53%
Juan Bernat
53%
Luis Garcia Fernandez
53%
Marc Cucurella
53%
Nacho Fernandez
53%
Oscar Rodriguez
53%
Victor Fernandez
53%
Alberto Moreno
50%
Alvaro Arbeloa
50%
Diego Llorente
50%
Fabian Ruiz
50%
Fernando Llorente
50%
Gerard Moreno
50%
Guti
50%
Isco
50%
Jaime Mata
50%
Javi Moreno
50%
Jesus Navas
50%
Juanfran
50%
Juan Mata
50%
Marcos Llorente
50%
Mikel Oyarzabal
50%
Paco Alcacer
50%
Pau Cubarsi
50%
Pepe Reina
50%
Aymeric Laporte
47%
Fermin Lopez
47%
Mikel Merino
47%
Sergio Gomez
47%
Abel Ruiz
45%
Alejandro Balde
45%
Brahim Diaz
45%
David Raya
45%
Adrian Lopez
42%
Alejandro Grimaldo
42%
Angel Lopez
42%
Antonio Lopez
42%
Dani Olmo
42%
Diego Costa
42%
Diego Lopez
42%
Gerard Lopez
42%
Juan Lopez
42%
Martin Zubimendi
42%
Pau Lopez
42%
Raul Albiol
42%
Robin Le Normand
42%
Fernando Hierro
39%
Fernando Morientes
39%
Kepa
39%
Marco Asensio
39%
Mikel San Jose
39%
Pablo Hernandez
39%
Santi Cazorla
39%
Alvaro Odriozola
37%
Ander Herrera
37%
Ayoze Perez
37%
Cesar Azpilicueta
37%
Iago Aspas
37%
Joaquin
37%
Jose Gaya
37%
Marc Bartra
37%
Marcos Senna
37%
Pep Guardiola
37%
Rodrigo
37%
Aritz Aduriz
34%
Asier Illarramendi
34%
Fran
34%
Joselu
34%
Roberto Soldado
34%
Alex Remiro
32%
Ansu Fati
32%
Borja Iglesias
32%
Sergi Roberto
32%
Dani Ceballos
29%
Dani Parejo
29%
Denis Suarez
29%
Hector Bellerin
29%
Lucas Vazquez
29%
Luis Alberto
29%
Marc Casado
29%
Mario Suarez
29%
Santiago Canizares
29%
Saul Niguez
29%
Alvaro Dominguez
26%
Alvaro Negredo
26%
Bryan Zaragoza
26%
Iker Muniain
26%
Ivan Helguera
26%
Joan Capdevila
26%
Jose Antonio Reyes
26%
Juan Miranda
26%
Luis Enrique
26%
Michel Salgado
26%
Nacho Monreal
26%
Oihan Sancet
26%
Pedro Porro
26%
Alex Baena
24%
Brais Mendez
24%
Dean Huijsen
24%
Ignacio Camacho
24%
Pablo Barrios
24%
Pablo Sarabia
24%
Raul Bravo
24%
Sergio Reguilon
24%
Aleix Vidal
21%
Borja Valero
21%
Carlos Soler
21%
Dani Vivian
21%
Fernando Navarro
21%
Javi Navarro
21%
Jose Mari
21%
Mario Hermoso
21%
Oscar Mingueza
21%
Vitolo
21%
Adama Traore
18%
Carlos Marchena
18%
Nolito
18%
Raul De Tomas
18%
Suso
18%
Bryan Gil
16%
Enrique Romero
16%
Manu Del Moral
16%
Raul Asencio
16%
Rodrigo Riquelme
16%
Ruben De La Red
16%
Unai Nunez
16%
Yeremy Pino
16%
Bojan Krkic
13%
Cristian Tello
13%
Dani Güiza
13%
David Albelda
13%
Gabri
13%
Gonzalo Villar
13%
Ivan Campo
13%
Ivan De La Pena
13%
Jose Francisco Molina
13%
Juanmi
13%
Pablo Fornals
13%
Ruben Baraja
13%
Samu
13%
Sergio
13%
Sergio Rico
13%
Albert Luque
11%
Bruno Soriano
11%
Diego Tristan
11%
Gaizka Mendieta
11%
Gerard Deulofeu
11%
Hugo Guillamon
11%
Jonny Otto
11%
Joseba Etxeberria
11%
Jose Callejon
11%
Markel Susaeta
11%
Miguel Angel Nadal
11%
Sergio Asenjo
11%
Vicente
11%
Abelardo
8%
Alfonso Pedraza
8%
Fran Beltran
8%
Juan Carlos Valeron
8%
Juanito
8%
Mario Gaspar
8%
Munir El Haddadi
8%
Ricardo
8%
Sergio Canales
8%
Xabi Etxeita
8%
Aitor Paredes
5%
Albert Ferrer
5%
Albert Riera
5%
Ander Iturraspe
5%
Antonio Puerta
5%
Asier Del Horno
5%
Ismael Urzaiz
5%
Juan Velasco
5%
Pablo Ibanez
5%
Pedro Contreras
5%
Raul Tamudo
5%
Alfonso
3%
Garcia Calvo
3%
Javi Puado
3%
Jonathan Viera
3%
Julen Guerrero
3%
Michu
3%
Paco Jemez
3%
Pedro Munitis
3%
Sergi Barjuan
3%
Vicente Engonga
3%
Aitor Lopez Rekarte
0%
Albert Celades
0%
Alberto Lopo
0%
Alex Pozo
0%
Andoni Iraola
0%
Antonio Guayre
0%
Augustin Aranzabal
0%
Benat Etxebarria
0%
Borja Oubina
0%
Capi
0%
Catanha
0%
Diego Capel
0%
Fernando Amorebieta
0%
Francisco Rufete
0%
Javier Arizmendi
0%
Javier Farinos
0%
Jorge De Frutos
0%
Jose Campana
0%
Jose Ignacio
0%
Luis Cembranos
0%
Manuel Pablo
0%
Mariano Pernia
0%
Miguel Angel Angulo
0%
Mista
0%
Oscar Tellez
0%
Pablo Orbaiz
0%
Pepelu
0%
Salva Ballesta
0%
Tiko
0%
Unai Vergara
0%
Keine übereinstimmenden Quizze gefunden
Verteilung der Resultate
Anzahl Personen mit jedem Resultat
Perzentil nach korrekt beantworteten Fragen
Ihre Resultats-Entwicklung
Sie haben dieses Quiz noch nicht gespielt